000 00398nam a22001697a 4500
005 20160629155854.0
008 160629b xxu||||| |||| 00| 0 eng d
020 _a978-93-80027-12-8
041 _aeng
082 _b12786
100 _aAgarwal, R K
_93224
245 _aElectrical Machine Design
260 _bKatson
_c2012
300 _a1650
650 _aDiploma Engineering
_9817
942 _cBK
999 _c4742
_d4740